Most Hat-Tricks in Europe's Top 5 Leagues Since 2000 - Statistics

General Stats
  • This quiz has been taken 85 times
  • The average score is 21 of 28
Answer Stats
# Club(s) Years Hat-tricks Answer % Correct
1 Real Madrid(34), Manchester United(3), Juventus(2) 2008-2021 39 Cristiano Ronaldo
100%
2 Barcelona(36) 2007-2020 36 Lionel Messi
100%
4 Bayern Munich(10), Tottenham Hotspur(8) 2015- 18 Harry Kane
97%
3 Bayern Munich(14), Barcelona(3), Borussia Dortmund(2) 2011- 19 Robert Lewandowski
97%
8 Paris Saint-Germain(8), Real Madrid(2), AS Monaco(1) 2017- 11 Kylian Mbappé
96%
8 Manchester City(8), Borussia Dortmund(3) 2020- 11 Erling Haaland
95%
5 Barcelona(10), Liverpool(6) 2012-2018 16 Luis Suárez
95%
10 Arsenal(8), Barcelona(2) 2000-2008 10 Thierry Henry
95%
6 Manchester City(12), Atlético Madrid(1) 2011-2020 13 Sergio Agüero
93%
7 Napoli(7), Paris Saint-Germain(5) 2011-2019 12 Edinson Cavani
88%
12 Paris Saint-Germain(7), AC Milan(1), Juventus(1) 2005-2016 9 Zlatan Ibrahimović
84%
13 Real Madrid(4), Napoli(3), Juventus(1) 2008-2018 8 Gonzalo Higuaín
82%
15 Manchester United(6), Everton(1) 2006-2017 7 Wayne Rooney
82%
22 Real Madrid(5), Olympique Lyon(1) 2007-2023 6 Karim Benzema
81%
15 Lazio(6), Torino(1) 2014-2022 7 Ciro Immobile
77%
10 Bayern Munich(7), VfB Stuttgart(2), VfL Wolfsburg(1) 2008-2017 10 Mario Gómez
73%
15 Olympique Lyon(7) 2014-2024 7 Alexandre Lacazette
72%
22 Tottenham Hotspur(4), Bayer Leverkusen(2) 2013-2023 6 Son Heung-min
72%
15 Manchester United(5), Real Madrid(2) 2001-2006 7 Ruud van Nistelrooy
66%
13 AS Monaco(3), Sevilla(3), Toulouse(2) 2013-2023 8 Wissam Ben Yedder
64%
15 AC Milan(5), Juventus(2) 2000-2009 7 Filippo Inzaghi
62%
22 Napoli(6) 2016-2018 6 Dries Mertens
59%
22 Atlético Madrid(4), AS Monaco(2) 2011-2017 6 Radamel Falcao
59%
15 Udinese(6), Empoli(1) 2002-2014 7 Antonio Di Natale
58%
22 Inter Milan(5), Sampdoria(1) 2013-2018 6 Mauro Icardi
51%
22 Juventus(6) 2002-2006 6 David Trezeguet
49%
15 Valencia(3), Getafe(3), Osasuna(1) 2007-2012 7 Roberto Soldado
26%
22 Deportivo La Coruña(6) 2000-2003 6 Diego Tristán
18%
No matching quizzes found
Score Distribution
Percent of People with Each Score
Percentile by Number Answered
Your Score History
You have not taken this quiz